000 00248nam a2200109Ia 4500
008 190912s9999||||xx |||||||||||||| ||und||
100 _aWoehlke,Elmore
245 0 _aBasic statistics
260 _aUSA
_bEducation
_c1997
300 _a242
942 _cBK
999 _c7695
_d7695